El cine: (Record no. 21066)

MARC details
000 -LEADER
campo de control de longitud fija 00658nam a2200205 i 4500
001 - NÚMERO DE CONTROL
campo de control 21066
003 - IDENTIFICADOR DE NÚMERO DE CONTROL
campo de control ES-MaACL
005 - FECHA Y HORA DE LA ÚLTIMA TRANSACCIÓN
campo de control 20250814090906.0
007 - CAMPO FIJO DE DESCRIPCIÓN FÍSICA--INFORMACIÓN GENERAL
campo de control de longitud fija t|
008 - DATOS DE LONGITUD FIJA--INFORMACIÓN GENERAL
campo de control de longitud fija 021121s1957 sp ||||1| spa d
100 1# - ENTRADA PRINCIPAL--NOMBRE DE PERSONA
Nombre de persona Agel, Henri.
9 (RLIN) 18542
245 13 - MENCIÓN DEL TÍTULO
Título El cine:
Resto del título [su técnica, su historia] /
Mención de responsabilidad, etc. Henri Agel ; presentación, adaptación y notas de Jesús Bilbao Garbizu.
260 ## - PUBLICACIÓN, DISTRIBUCIÓN, ETC.
Lugar de publicación, distribución, etc. [Bilbao] :
Nombre del editor, distribuidor, etc. Desclée de Brouwer,
Fecha de publicación, distribución, etc. 1957.
300 ## - DESCRIPCIÓN FÍSICA
Extensión 434 p., 7 lám ;
Dimensiones 19 cm.
650 07 - PUNTO DE ACCESO ADICIONAL DE MATERIA--TÉRMINO DE MATERIA
Término de materia o nombre geográfico como elemento de entrada Cinematografía
Fuente del encabezamiento o término embne
9 (RLIN) 11038
650 #4 - PUNTO DE ACCESO ADICIONAL DE MATERIA--TÉRMINO DE MATERIA
Término de materia o nombre geográfico como elemento de entrada Cine-
Subdivisión de forma Historia.
9 (RLIN) 171029
700 1# - ENTRADA AGREGADA--NOMBRE PERSONAL
Nombre de persona Bilbao Garbizu, Jesús.
9 (RLIN) 28870
852 ## - LOCALIZACIÓN
Ubicación ES-MaACL
Número de control de estantería C-12908
Holdings
Estatus retirado Estado de pérdida Estado de daño No para préstamo Biblioteca de origen Biblioteca actual Ubicación en estantería Fecha de adquisición Fuente de adquisición Total de préstamos Signatura topográfica completa Código de barras Visto por última vez Precio de reemplazo Tipo de ítem Koha
        Biblioteca del Ateneo de Madrid Biblioteca del Ateneo de Madrid Sala Palomar 17/01/2008     C-12908 1021639 23/02/2023 23/02/2023 Libro impreso